Quiz o Danii - Statystyki

Ogólne statystyki
  • Ten quiz został rozwiązany 42 razy
  • Średni wynik to 12 z 18
Statystyki odpowiedzi
Wskazówka Odpowiedź % Poprawnych
Język urzędowy Duński
100%
Stolica Kopenhaga
100%
Morze, do którego ma dostęp od wschodu Morze Bałtyckie
85%
Największa wyspa świata będąca pod kontrolą Danii Grenlandia
81%
Waluta Korona duńska
81%
Liczba ludności w milionach 6 mln
77%
Najpopularniejszy na świecie firma produkująca klocki i w 2014 r. największy producent opon na świecie LEGO
73%
Morze, do którego ma dostęp od zachodu Morze Północne
73%
Największy partner handlowy Niemcy
73%
Autor baśni takich jak "Calineczka", "Księżniczka na ziarnku grochu" czy "Brzydkie kaczątko" Hans Christian Andersen
69%
Most nad Sudnem łączy Danię i ______ Szwecję
69%
Największa wyspa Zelandia
62%
Rok dołączenia do NATO 1949 r.
58%
Rok dołączenia do Unii Europejskiej 1973 r.
46%
Półwysep, na którym jest położona Półwysep Jutlandzki
46%
Duński Archipelag na Atlantyku Wyspy Owcze
46%
Kogo przedstawia najsłynniejszy duński pomnik znajdujący się w Kopenhadze? Syrenkę
35%
Przylądek na północy, z którego zaobserwować możemy ciekawe zjawisko - łączą się tam dwa morza o przeciwnych kierunkach prądów Przylądek Grenen
0%
Nie znaleziono quizów pasujących do podanych kryteriów
Rozkład punktacji
Procent ludzi z każdym wynikiem
Percentyl według liczby udzielonych odpowiedzi
Twoja historia wyników
Nie rozwiązałeś tego quizu